| 000 | 02099cam a2200385 i 4500 | ||
|---|---|---|---|
| 001 | 18128706 | ||
| 005 | 20250317102510.0 | ||
| 008 | 140425s2014 nyua b 001 0 eng | ||
| 010 | _a 2014012718 | ||
| 020 | _a9781107087446 (hardback) | ||
| 020 | _a9781107456556 (pbk.) | ||
| 040 |
_aDLC _beng _cDLC _erda _dDLC |
||
| 042 | _apcc | ||
| 043 | _an-us--- | ||
| 050 | 0 | 0 |
_aKF9434 _b.H36 2014 |
| 082 | 0 | 0 |
_a342.730852 _223 _bHAM |
| 100 | 1 |
_aHamilton, Marci, _eauthor. _9128384 |
|
| 245 | 1 | 0 |
_aGod vs. the gavel : _bthe perils of extreme religious liberty / _cMarci A. Hamilton, Paul R. Verkuil Chair in Public Law, Benjamin N. Cardozo School of Law, Yeshiva University. |
| 246 | 3 | _aGod versus the gavel | |
| 250 | _aRevised second edition. | ||
| 264 | 1 |
_aNew York, NY : _bCambridge University Press, _c2014. |
|
| 300 |
_aix, 476 pages : _billustrations ; _c24 cm |
||
| 336 |
_atext _btxt _2rdacontent |
||
| 337 |
_aunmediated _bn _2rdamedia |
||
| 338 |
_avolume _bnc _2rdacarrier |
||
| 504 | _aIncludes bibliographical references and index. | ||
| 505 | 0 | _aIntroduction : the wages of RFRA [Religious Freedom Restoration Act] -- Part One. Religious liberty is not a license to harm others -- The problem -- Children -- Marriage -- Religious land use and residential neighborhoods -- Schools -- The prisons and the military -- The right to discriminate -- Part Two. The history and doctrine behind common-sense religious liberty -- Ordered liberty : religious liberty at the Supreme Court -- The decline of church autonomy and the rise of the no-harm rule -- The path to the public good -- Epilogue: follow the money. | |
| 650 | 0 |
_aCorporations, Religious _xLaw and legislation _zUnited States _xCriminal provisions. _9128385 |
|
| 650 | 0 |
_aTort liability of religious corporations _zUnited States. _9128386 |
|
| 650 | 0 |
_aClergy _xMalpractice _zUnited States. _9128387 |
|
| 650 | 0 |
_aRule of law _zUnited States. _9103168 |
|
| 906 |
_a7 _bcbc _corignew _d1 _eecip _f20 _gy-gencatlg |
||
| 942 |
_2ddc _cBK |
||
| 999 |
_c613365 _d613365 |
||